000 00704cam a2200229 4500
001 ABS61364
008 000000n1999 000 0 eng u
035 _a(Sirsi) u100489
100 _aLawson, D.
245 _aTaking stock
260 _c1999
490 _aProperty Week
_v64(36) 17 September 1999, 38-39(2)
520 _aAvailability of property is at a low in the south-east of England. Article looks at factors combining to create shortages.
590 _aABS
650 _aSOUTH EAST ENGLAND
650 _aLAND AVAILABILITY
650 _aSPECULATIVE DEVELOPMENT
650 _aINDUSTRIAL MARKET
650 _aSUPPLY AND DEMAND
690 _aPROPERTY-PROPERTY DEVELOPMENT
942 _n0
999 _c60119
_d60119